| 000 | 01509nam a2200385Ia 4500 | ||
|---|---|---|---|
| 001 | ebr10153069 | ||
| 003 | CaPaEBR | ||
| 006 | m u | ||
| 007 | cr cn||||||||| | ||
| 008 | 050906s2006 bccc sbq 001 0 eng d | ||
| 020 | _z0774811722 | ||
| 020 | _z9780774811736 | ||
| 020 | _z0774811730 | ||
| 020 | _z9971693380 | ||
| 020 | _z9780774811729 | ||
| 040 |
_aCaPaEBR _cCaPaEBR |
||
| 035 | _a(OCoLC)180704563 | ||
| 050 | 1 | 4 |
_aDS594 _b.K56 2006eb |
| 100 | 1 |
_aKhoo, Gaik Cheng, _d1969- |
|
| 245 | 1 | 0 |
_aReclaiming Adat _h[electronic resource] : _bcontemporary Malaysian film and literature / _cKhoo Gaik Cheng. |
| 260 |
_aVancouver : _bUBC Press, _cc2006. |
||
| 300 |
_axi, 254 p. : _bports. |
||
| 500 | _aIncludes filmographies and index. | ||
| 504 | _aIncludes bibliographical references: p. 237-246. | ||
| 533 |
_aElectronic reproduction. _bPalo Alto, Calif. : _cebrary, _d2009. _nAvailable via World Wide Web. _nAccess may be limited to ebrary affiliated libraries. |
||
| 650 | 0 |
_aMotion pictures _zMalaysia _xHistory. |
|
| 650 | 0 |
_aMalaysian literature (English) _xHistory and criticism. |
|
| 650 | 0 |
_aAdat law _zMalaysia. |
|
| 650 | 0 |
_aIslam and state _zMalaysia. |
|
| 651 | 0 |
_aMalaysia _xCivilization _y20th century. |
|
| 651 | 0 |
_aMalaysia _xSocial life and customs _y20th century. |
|
| 655 | 7 |
_aElectronic books. _2local |
|
| 710 | 2 | _aebrary, Inc. | |
| 856 | 4 | 0 |
_uhttp://site.ebrary.com/lib/rucke/Doc?id=10153069 _zAn electronic book accessible through the World Wide Web; click to view |
| 999 |
_c192659 _d192659 |
||